| 000 | 00617nam a2200229 a 4500 | ||
|---|---|---|---|
| 001 | BRCA_6788 | ||
| 005 | 20190320205606.0 | ||
| 008 | 311011s1916----gw-#######---#000-0#ger-# | ||
| 041 | _ager | ||
| 044 | _agw | ||
| 050 | 4 |
_aHG221 _b.L54 _c1916 |
|
| 245 | 1 | 0 |
_aGeld und Gold _bökonomische Theorie des Geldes _cvon Robert Liefmann |
| 260 |
_aStuttgart, Alemania _bDeutsche Verlags-Anstalt _c1916 |
||
| 300 |
_a241 p. _c23 cm. |
||
| 500 | _aI146 | ||
| 650 | 1 | 4 |
_aDinero _914801 |
| 650 | 1 | 4 |
_aOro _915666 |
| 650 | 1 | 4 |
_aCuestión Monetaria _916928 |
| 700 | 1 |
_aLiefmann, Robert _916929 |
|
| 902 | _aGFM | ||
| 942 |
_2lcc _cB |
||
| 999 |
_c6471 _d6471 |
||